00439nam a22001572 4500001001100000005001700011008004100028040001500069100004000084245005700124250001300181260003700194300001600231650003100247852000300278000001176720151217155847.0090107s xx 000 0 eng d aKABUcKABU1 aJex-Blake,Muriel, Lady.@000016776210aSome wild flowers of Kenya /cLady Muriel Jex-Blake. a1st ed. aNairobi :bHighway Press,c1948. axi, 155 p. 0aBotanyzKenya.@00001677631